[Event "Veranda Inv."]
[Site "Fancy Lake CAN"]
[Date "2005.07.30"]
[Round "3"]
[White "Kenney, David"]
[Black "Wysocki, Antoni"]
[Result "0-1"]
[WhiteElo "1734"]
[BlackElo "2112"]
[PlyCount "60"]
[GameId "2160767910900846"]
[EventDate "2005.07.30"]
[EventType "tourn"]
[EventRounds "5"]
[EventCountry "CAN"]

1. c4 c6 2. Nf3 d5 3. b3 Nf6 4. Bb2 Bf5 5. g3 e6 6. Bg2 Nbd7 7. O-O Bd6 8. d3 O-O 9. Nbd2 e5 10. e4 Bg4 11. exd5 cxd5 12. Qc2 Rc8 13. Rac1 Re8 14. Rfe1 b5 15. Qb1 bxc4 16. bxc4 Rb8 17. Qc2 Qa5 18. Bc3 Qa3 19. Nb3 e4 20. dxe4 Nxe4 21. Ba1 dxc4 22. Qxc4 Ndf6 23. Nfd4 Bb4 24. Rxe4 Nxe4 25. f3 Nd2 26. Nxd2 Bxd2 27. Rd1 Qe3+ 28. Kf1 Be6 29. Qc2 Bb4 30. Nc6 Rbc8 0-1

[Event "Veranda Inv."]
[Site "Fancy Lake CAN"]
[Date "2005.07.31"]
[Round "4"]
[White "Kenney, David"]
[Black "Naugler, Rex"]
[Result "1/2-1/2"]
[WhiteElo "1734"]
[BlackElo "1659"]
[PlyCount "81"]
[GameId "2160767910900847"]
[EventDate "2005.07.30"]
[EventType "tourn"]
[EventRounds "5"]
[EventCountry "CAN"]

1. d4 d5 2. Nf3 Nf6 3. e3 e6 4. Bd3 c5 5. c3 Nc6 6. Nbd2 b6 7. O-O g6 8. Re1 Bg7 9. Qe2 O-O 10. dxc5 bxc5 11. e4 d4 12. e5 Nd5 13. Ne4 dxc3 14. Nxc3 Ncb4 15. Be4 Ba6 16. Qd1 Nxc3 17. bxc3 Qxd1 18. Rxd1 Rad8 19. Be3 Nd3 20. Bxd3 Bxd3 21. Bxc5 Be2 22. Rxd8 Rxd8 23. Nd4 Bc4 24. f4 f6 25. Bxa7 fxe5 26. Nc6 Rd2 27. Nxe5 Bxe5 28. fxe5 Rxa2 29. Rxa2 Bxa2 30. Kf2 Kf7 31. Ke3 Ke8 32. g3 Kd7 33. Kd4 Kc6 34. c4 Bb1 35. Bb8 Bf5 36. Bd6 g5 37. Ke3 g4 38. Kf4 Kd7 39. Kg5 Kc6 40. Kf6 Kd7 41. Kg5 1/2-1/2

[Event "Veranda Inv."]
[Site "Fancy Lake CAN"]
[Date "2005.07.31"]
[Round "5"]
[White "Wysocki, Antoni"]
[Black "Charlton, Glenn"]
[Result "0-1"]
[WhiteElo "2112"]
[BlackElo "2069"]
[PlyCount "112"]
[GameId "2160767910900848"]
[EventDate "2005.07.30"]
[EventType "tourn"]
[EventRounds "5"]
[EventCountry "CAN"]

1. c4 Nf6 2. Nc3 g6 3. g3 Bg7 4. Bg2 O-O 5. e3 d6 6. Nge2 e5 7. d4 Nbd7 8. O-O c6 9. Rb1 Re8 10. b4 exd4 11. exd4 Nb6 12. d5 cxd5 13. cxd5 Bf5 14. Rb3 Ne4 15. Nxe4 Bxe4 16. Re3 Bxg2 17. Kxg2 Qd7 18. Nf4 Rxe3 19. Bxe3 Qb5 20. Qb3 Rc8 21. Rc1 Rxc1 22. Bxc1 g5 23. Nd3 h6 24. Be3 Nxd5 25. Bxa7 Nc3 26. Nb2 Qa6 27. Be3 Qxa2 28. Qxa2 Nxa2 29. Nd3 b5 30. Bd2 f5 31. f3 Kf7 32. g4 f4 33. h4 Ke6 34. hxg5 hxg5 35. Kf1 Kd5 36. Nf2 Bf6 37. Ke2 Kc4 38. Nd3 Nc3+ 39. Bxc3 Kxc3 40. Nf2 Kxb4 41. Ne4 Be7 42. Kd3 d5 43. Nd2 Bf6 44. Kc2 Bc3 45. Nb3 Kc4 46. Nc1 Be5 47. Nb3 Bc7 48. Nc1 Kd4 49. Kd2 Ba5+ 50. Ke2 Kc3 51. Nd3 Kc2 52. Ne5 Bc3 53. Nf7 Bf6 54. Nd6 b4 55. Nb5 d4 56. Kf2 d3 0-1

[Event "Winnipeg TNT April op"]
[Site "Winnipeg CAN"]
[Date "2005.04.05"]
[Round "1"]
[White "Babb, Jeff"]
[Black "Reimer, Bruce"]
[Result "1-0"]
[WhiteElo "2147"]
[BlackElo "1449"]
[PlyCount "41"]
[GameId "2160767910968807"]
[EventDate "2005.04.05"]
[EventType "swiss"]
[EventRounds "4"]
[EventCountry "CAN"]
[SourceTitle "EXT 2006"]
[Source "ChessBase"]
[SourceDate "2005.11.24"]
[SourceVersion "1"]
[SourceVersionDate "2005.11.24"]
[SourceQuality "1"]

1. d4 Nf6 2. c4 e6 3. Nf3 Bb4+ 4. Bd2 Bxd2+ 5. Nbxd2 O-O 6. e4 d5 7. e5 Ne8 8. cxd5 exd5 9. Bd3 f6 10. Qc2 h6 11. Bh7+ Kh8 12. Nh4 Rf7 13. Bg6 Rf8 14. Bf5 Bxf5 15. Qxf5 Kg8 16. Ng6 Rf7 17. e6 Re7 18. Qxd5 Qxd5 19. Nxe7+ Kf8 20. Nxd5 Nc6 21. Nf3 1-0

[Event "Winnipeg TNT April op"]
[Site "Winnipeg CAN"]
[Date "2005.04.05"]
[Round "1"]
[White "Degroot, Stephen"]
[Black "Romanek, Adam"]
[Result "0-1"]
[WhiteElo "1638"]
[BlackElo "1103"]
[PlyCount "44"]
[GameId "2160767910968808"]
[EventDate "2005.04.05"]
[EventType "swiss"]
[EventRounds "4"]
[EventCountry "CAN"]
[SourceTitle "EXT 2006"]
[Source "ChessBase"]
[SourceDate "2005.11.24"]
[SourceVersion "1"]
[SourceVersionDate "2005.11.24"]
[SourceQuality "1"]

1. e4 e5 2. Nf3 d6 3. Bc4 Nc6 4. c3 Qf6 5. h3 Qg6 6. Qe2 Be7 7. O-O Bxh3 8. Bxf7+ Kxf7 9. Nh4 Bxh4 10. Qf3+ Nf6 11. Qxh3 Qxe4 12. f3 Qf4 13. d4 Qg3 14. Qf5 Ne7 15. Qd3 Kf8 16. dxe5 Qxe5 17. Na3 a6 18. f4 Qd5 19. Qh3 Qc5+ 20. Be3 Qh5 21. g3 Nf5 22. Bf2 Bxg3 0-1

[Event "Winnipeg TNT April op"]
[Site "Winnipeg CAN"]
[Date "2005.04.05"]
[Round "1"]
[White "Essery, Richard"]
[Black "Cheyne, Andrew"]
[Result "1-0"]
[WhiteElo "1726"]
[BlackElo "1340"]
[PlyCount "41"]
[GameId "2160767910968809"]
[EventDate "2005.04.05"]
[EventType "swiss"]
[EventRounds "4"]
[EventCountry "CAN"]
[SourceTitle "EXT 2006"]
[Source "ChessBase"]
[SourceDate "2005.11.24"]
[SourceVersion "1"]
[SourceVersionDate "2005.11.24"]
[SourceQuality "1"]

1. e4 e5 2. Nf3 Nc6 3. Bb5 a6 4. Ba4 Nf6 5. Qe2 Bc5 6. O-O b5 7. Bb3 O-O 8. c3 Re8 9. d3 d5 10. exd5 Nxd5 11. Re1 Nf6 12. Bg5 Bg4 13. Nbd2 Qd6 14. Bxf6 Qxf6 15. Ne4 Qe7 16. Nxc5 Qxc5 17. Bxf7+ Kxf7 18. Ng5+ Kg8 19. Qxg4 Qd6 20. Qf5 g6 21. Qf7+ 1-0

[Event "Winnipeg TNT April op"]
[Site "Winnipeg CAN"]
[Date "2005.04.05"]
[Round "1"]
[White "Khedkar, Jay S"]
[Black "Anderson, George"]
[Result "1-0"]
[WhiteElo "1970"]
[BlackElo "1431"]
[PlyCount "35"]
[GameId "2160767910968811"]
[EventDate "2005.04.05"]
[EventType "swiss"]
[EventRounds "4"]
[EventCountry "CAN"]
[SourceTitle "EXT 2006"]
[Source "ChessBase"]
[SourceDate "2005.11.24"]
[SourceVersion "1"]
[SourceVersionDate "2005.11.24"]
[SourceQuality "1"]

1. e4 e6 2. d4 d5 3. Nc3 dxe4 4. Nxe4 Nc6 5. Nf3 Qd5 6. Bd3 Bd7 7. O-O Nxd4 8. Nxd4 Qxd4 9. Be3 Qa4 10. f4 O-O-O 11. Qe2 f5 12. Ng5 Nh6 13. b3 Qc6 14. Kh1 Kb8 15. Bd4 Be8 16. Nxe6 Rxd4 17. Nxd4 Qb6 18. Qxe8# 1-0

[Event "Winnipeg TNT April op"]
[Site "Winnipeg CAN"]
[Date "2005.04.05"]
[Round "1"]
[White "Oberton, Daniel"]
[Black "Lauritson, Jim"]
[Result "1/2-1/2"]
[WhiteElo "1398"]
[BlackElo "1922"]
[PlyCount "65"]
[GameId "2160767910968812"]
[EventDate "2005.04.05"]
[EventType "swiss"]
[EventRounds "4"]
[EventCountry "CAN"]
[SourceTitle "EXT 2006"]
[Source "ChessBase"]
[SourceDate "2005.11.24"]
[SourceVersion "1"]
[SourceVersionDate "2005.11.24"]
[SourceQuality "1"]

1. e4 c5 2. d4 cxd4 3. c3 Nf6 4. e5 Nd5 5. cxd4 e6 6. Nf3 Nc6 7. Bc4 Nb6 8. b3 Be7 9. O-O O-O 10. Ba3 Qc7 11. Bxe7 Nxe7 12. Be2 Nbd5 13. Nbd2 b6 14. Ne4 Nf5 15. Rc1 Qd8 16. Qd2 Bb7 17. Bc4 Rc8 18. Qg5 Qxg5 19. Nfxg5 h6 20. Nf3 Nde3 21. fxe3 Bxe4 22. Rfe1 Bb7 23. Kf2 Rc7 24. Bb5 Rfc8 25. Rxc7 Rxc7 26. Re2 Kf8 27. Bc4 Ke8 28. Rd2 Ne7 29. Kg3 Be4 30. Kf4 Bb7 31. h3 Bd5 32. Ba6 Rc3 33. Bd3 1/2-1/2

[Event "Winnipeg TNT April op"]
[Site "Winnipeg CAN"]
[Date "2005.04.05"]
[Round "1"]
[White "Rumpel, Chris"]
[Black "Melamedoff, Gustavo"]
[Result "0-1"]
[WhiteElo "1466"]
[BlackElo "2032"]
[PlyCount "53"]
[GameId "2160767910968813"]
[EventDate "2005.04.05"]
[EventType "swiss"]
[EventRounds "4"]
[EventCountry "CAN"]
[SourceTitle "EXT 2006"]
[Source "ChessBase"]
[SourceDate "2005.11.24"]
[SourceVersion "1"]
[SourceVersionDate "2005.11.24"]
[SourceQuality "1"]

1. Nc3 d5 2. d4 e6 3. e4 Bb4 4. e5 c5 5. a3 Bxc3+ 6. bxc3 Ne7 7. Nf3 b6 8. Be2 Ba6 9. O-O Bxe2 10. Qxe2 Nbc6 11. Be3 cxd4 12. cxd4 Na5 13. Nd2 Rc8 14. Rfc1 Nc4 15. Nxc4 Rxc4 16. f4 Nf5 17. c3 h5 18. Bf2 g5 19. g3 Kd7 20. Kh1 h4 21. gxh4 Nxh4 22. fxg5 Qxg5 23. Rg1 Qf4 24. Bxh4 Qxh4 25. Rac1 Rh7 26. Rg2 Qh3 27. Rg3 0-1

[Event "Winnipeg TNT April op"]
[Site "Winnipeg CAN"]
[Date "2005.04.12"]
[Round "2"]
[White "Anderson, George"]
[Black "Degroot, Stephen"]
[Result "0-1"]
[WhiteElo "1431"]
[BlackElo "1638"]
[PlyCount "76"]
[GameId "2160767910968814"]
[EventDate "2005.04.05"]
[EventType "swiss"]
[EventRounds "4"]
[EventCountry "CAN"]
[SourceTitle "EXT 2006"]
[Source "ChessBase"]
[SourceDate "2005.11.24"]
[SourceVersion "1"]
[SourceVersionDate "2005.11.24"]
[SourceQuality "1"]

1. e4 c5 2. b4 b6 3. b5 Bb7 4. e5 Qc7 5. Bb2 d6 6. exd6 Qxd6 7. c4 e5 8. Nf3 Nd7 9. Nc3 f5 10. Qe2 Ngf6 11. d3 Be7 12. Nd1 e4 13. dxe4 fxe4 14. Ng5 h6 15. Nh3 O-O-O 16. Ne3 g5 17. a4 Ne5 18. Bxe5 Qxe5 19. Rc1 Rd7 20. Qc2 Rhd8 21. Be2 Rd4 22. Ng4 Nxg4 23. Bxg4+ Kb8 24. O-O Bd6 25. g3 e3 26. f4 gxf4 27. Rxf4 Qg7 28. Rxd4 cxd4 29. Bf5 Bxg3 30. hxg3 Qxg3+ 31. Kf1 Rf8 32. Ke2 Qf3+ 33. Kd3 Qxf5+ 34. Kxd4 Qxh3 35. Qg6 Rd8+ 36. Kc3 e2+ 37. Kb2 Rd2+ 38. Rc2 e1=Q 0-1

[Event "Winnipeg TNT April op"]
[Site "Winnipeg CAN"]
[Date "2005.04.12"]
[Round "2"]
[White "Essery, Richard"]
[Black "Babb, Jeff"]
[Result "0-1"]
[WhiteElo "1726"]
[BlackElo "2147"]
[PlyCount "50"]
[GameId "2160767910968815"]
[EventDate "2005.04.05"]
[EventType "swiss"]
[EventRounds "4"]
[EventCountry "CAN"]
[SourceTitle "EXT 2006"]
[Source "ChessBase"]
[SourceDate "2005.11.24"]
[SourceVersion "1"]
[SourceVersionDate "2005.11.24"]
[SourceQuality "1"]

1. Nf3 Nc6 2. b3 e5 3. Bb2 d6 4. e4 Nf6 5. d3 g6 6. Be2 Bg7 7. O-O Nh5 8. d4 O-O 9. dxe5 dxe5 10. Qxd8 Rxd8 11. Nc3 Nf4 12. Rfd1 Bg4 13. Rxd8+ Rxd8 14. Bb5 Bxf3 15. Bxc6 Nxg2 16. Bxb7 Rd2 17. Ba3 Nf4 18. Bc8 f5 19. exf5 Nh3+ 20. Kf1 Rxf2+ 21. Ke1 Rxh2 22. fxg6 Rh1+ 23. Kd2 Bh6+ 24. Kd3 Nf2+ 25. Kc4 Rxa1 0-1

[Event "Winnipeg TNT April op"]
[Site "Winnipeg CAN"]
[Date "2005.04.12"]
[Round "2"]
[White "Gibson, Fred"]
[Black "Rumpel, Chris"]
[Result "0-1"]
[WhiteElo "1207"]
[BlackElo "1466"]
[PlyCount "38"]
[GameId "2160767910968816"]
[EventDate "2005.04.05"]
[EventType "swiss"]
[EventRounds "4"]
[EventCountry "CAN"]
[SourceTitle "EXT 2006"]
[Source "ChessBase"]
[SourceDate "2005.11.24"]
[SourceVersion "1"]
[SourceVersionDate "2005.11.24"]
[SourceQuality "1"]

1. d4 Nf6 2. c4 g6 3. Nc3 Bg7 4. e4 d6 5. Be2 O-O 6. Bf3 e5 7. d5 c6 8. Nge2 Bg4 9. Bxg4 Nxg4 10. O-O Qe7 11. Ng3 Nh6 12. Be3 Nd7 13. f3 f5 14. f4 exf4 15. Rxf4 Be5 16. Qf3 Bxf4 17. Qxf4 Ng4 18. h3 Nxe3 19. Qxe3 f4 0-1

[Event "Winnipeg TNT April op"]
[Site "Winnipeg CAN"]
[Date "2005.04.12"]
[Round "2"]
[White "Lauritson, Jim"]
[Black "Gibbons, Lorne"]
[Result "1-0"]
[WhiteElo "1922"]
[BlackElo "1323"]
[PlyCount "49"]
[GameId "2160767910968817"]
[EventDate "2005.04.05"]
[EventType "swiss"]
[EventRounds "4"]
[EventCountry "CAN"]
[SourceTitle "EXT 2006"]
[Source "ChessBase"]
[SourceDate "2005.11.24"]
[SourceVersion "1"]
[SourceVersionDate "2005.11.24"]
[SourceQuality "1"]

1. e4 e6 2. d4 c5 3. Nf3 Qb6 4. Nc3 cxd4 5. Nxd4 Nc6 6. Nb3 Bb4 7. Bd3 Nge7 8. O-O O-O 9. Be3 Qd8 10. f4 Bxc3 11. bxc3 d5 12. e5 b6 13. Qh5 h6 14. g4 Qe8 15. Qh3 f5 16. exf6 Rxf6 17. Nd4 e5 18. fxe5 Rxf1+ 19. Rxf1 Nxe5 20. Bf5 Nxf5 21. Nxf5 Bxf5 22. gxf5 Qc6 23. Bd4 Qf6 24. Qg2 Qd6 25. f6 1-0

[Event "Winnipeg TNT April op"]
[Site "Winnipeg CAN"]
[Date "2005.04.12"]
[Round "2"]
[White "Melamedoff, Gustavo"]
[Black "Kwiatek, Jordan"]
[Result "1-0"]
[WhiteElo "2032"]
[BlackElo "1740"]
[PlyCount "81"]
[GameId "2160767910968818"]
[EventDate "2005.04.05"]
[EventType "swiss"]
[EventRounds "4"]
[EventCountry "CAN"]
[SourceTitle "EXT 2006"]
[Source "ChessBase"]
[SourceDate "2005.11.24"]
[SourceVersion "1"]
[SourceVersionDate "2005.11.24"]
[SourceQuality "1"]

1. e4 c5 2. Nf3 g6 3. Be2 Nc6 4. O-O Bg7 5. c3 d6 6. d4 cxd4 7. cxd4 Nf6 8. Nc3 O-O 9. d5 Nb8 10. Be3 Bg4 11. Nd2 Bxe2 12. Qxe2 Nbd7 13. f4 b5 14. Nxb5 Qa5 15. Nd4 Rfe8 16. Nc6 Qc7 17. Rac1 Nc5 18. Bf2 e6 19. Nd4 Qb7 20. dxe6 Nfxe4 21. Nxe4 Nxe4 22. exf7+ Qxf7 23. Qc4 Qxc4 24. Rxc4 Nd2 25. Rc6 Nxf1 26. Kxf1 Re4 27. Rxd6 Rxf4 28. Ne6 Be5 29. Rd5 Re4 30. Nc5 Rf4 31. Rxe5 Raf8 32. Nd3 Rd4 33. Ke2 Rxd3 34. Kxd3 Rxf2 35. Re2 Rf1 36. b4 Kf7 37. Kc4 Rf5 38. Re3 Rf4+ 39. Kb5 a6+ 40. Ka5 Rf2 41. Rf3+ 1-0

[Event "Winnipeg TNT April op"]
[Site "Winnipeg CAN"]
[Date "2005.04.12"]
[Round "2"]
[White "Reimer, Bruce"]
[Black "Cheyne, Andrew"]
[Result "1-0"]
[WhiteElo "1449"]
[BlackElo "1340"]
[PlyCount "115"]
[GameId "2160767910968819"]
[EventDate "2005.04.05"]
[EventType "swiss"]
[EventRounds "4"]
[EventCountry "CAN"]
[SourceTitle "EXT 2006"]
[Source "ChessBase"]
[SourceDate "2005.11.24"]
[SourceVersion "1"]
[SourceVersionDate "2005.11.24"]
[SourceQuality "1"]

1. c4 Nf6 2. g3 g6 3. Bg2 Bg7 4. Nc3 O-O 5. e4 d6 6. Nge2 e5 7. d3 c6 8. O-O Nbd7 9. b4 a6 10. a4 b6 11. h3 c5 12. Qb3 Ne8 13. Nd5 f5 14. Nec3 Rb8 15. b5 a5 16. Qc2 Nef6 17. exf5 Nxd5 18. Nxd5 Rxf5 19. Be4 Rf8 20. Be3 Nf6 21. Nxf6+ Bxf6 22. Kh2 Bg5 23. Qd2 Bxe3 24. Qxe3 Qd7 25. Qh6 Qg7 26. Qe3 Be6 27. Kg2 Qd7 28. Rh1 Rf6 29. h4 Rbf8 30. h5 Bf5 31. Bd5+ Kh8 32. hxg6 Bxg6 33. f3 Qg7 34. Rh4 Bf7 35. Rg4 Rg6 36. Rxg6 Bxg6 37. Rh1 Bf7 38. Be4 Bg6 39. Qh6 Bxe4 40. Qxg7+ Kxg7 41. dxe4 Rf6 42. Rh4 h6 43. Rh5 Rg6 44. Rf5 Rg5 45. Kh3 Rxf5 46. exf5 Kf6 47. g4 Kg5 48. Kg3 h5 49. Kh3 hxg4+ 50. fxg4 e4 51. Kg3 Kf6 52. Kf4 e3 53. Kxe3 Ke5 54. Kf3 d5 55. cxd5 Kxd5 56. f6 Ke6 57. g5 Kf7 58. Ke4 1-0

[Event "Winnipeg TNT April op"]
[Site "Winnipeg CAN"]
[Date "2005.04.12"]
[Round "2"]
[White "Romanek, Adam"]
[Black "Khedkar, Jay S"]
[Result "0-1"]
[WhiteElo "1103"]
[BlackElo "1970"]
[PlyCount "106"]
[GameId "2160767910968820"]
[EventDate "2005.04.05"]
[EventType "swiss"]
[EventRounds "4"]
[EventCountry "CAN"]
[SourceTitle "EXT 2006"]
[Source "ChessBase"]
[SourceDate "2005.11.24"]
[SourceVersion "1"]
[SourceVersionDate "2005.11.24"]
[SourceQuality "1"]

1. e4 c5 2. Nf3 Nc6 3. Bc4 d6 4. Bb5 Nf6 5. Bxc6+ bxc6 6. Qe2 e5 7. Nc3 Be7 8. h3 O-O 9. d3 Rb8 10. Nd2 Ne8 11. Nb3 Nc7 12. Bd2 Ne6 13. g3 Nd4 14. Nxd4 cxd4 15. Na4 Bg5 16. O-O-O Qa5 17. b3 Bxd2+ 18. Qxd2 Qa6 19. Rdf1 c5 20. c4 Bd7 21. Qc2 Bxa4 22. bxa4 Rb4 23. Rd1 Rxa4 24. Rd2 Rb8 25. Kd1 Rab4 26. Ke2 Qa3 27. Ra1 Rb2 28. Qc1 Rxd2+ 29. Kxd2 Rb2+ 30. Ke1 Qa5+ 31. Kf1 Rxa2 32. Rb1 h6 33. Qd1 g6 34. Kg2 Kg7 35. Qf3 Qd8 36. Rb7 Qf6 37. Rd7 Qxf3+ 38. Kxf3 Rd2 39. Rxd6 Rxd3+ 40. Ke2 Rc3 41. Rd5 Rxc4 42. Rxe5 a5 43. Kd3 Rc3+ 44. Kd2 a4 45. Re7 a3 46. Ra7 Rb3 47. Kc2 Rf3 48. Kb1 c4 49. Ra4 Rc3 50. Ra5 d3 51. Rd5 Rc2 52. Ra5 a2+ 53. Rxa2 Rxa2 0-1

[Event "Winnipeg TNT April op"]
[Site "Winnipeg CAN"]
[Date "2005.04.12"]
[Round "2"]
[White "Tang, Edward"]
[Black "Oberton, Daniel"]
[Result "0-1"]
[WhiteElo "2048"]
[BlackElo "1398"]
[PlyCount "120"]
[GameId "2160767910968821"]
[EventDate "2005.04.05"]
[EventType "swiss"]
[EventRounds "4"]
[EventCountry "CAN"]
[SourceTitle "EXT 2006"]
[Source "ChessBase"]
[SourceDate "2005.11.24"]
[SourceVersion "1"]
[SourceVersionDate "2005.11.24"]
[SourceQuality "1"]

1. e4 c5 2. Nf3 d6 3. d4 cxd4 4. Nxd4 Nf6 5. Nc3 g6 6. Be2 Bg7 7. O-O O-O 8. Bg5 Nc6 9. Nb3 Bd7 10. Re1 a6 11. Bf1 b5 12. Nd5 Be6 13. Qd2 Re8 14. Rad1 Bxd5 15. exd5 Ne5 16. Kh1 Qb6 17. Nc1 Nfg4 18. Bh4 Rac8 19. h3 Nf6 20. f4 Nc4 21. Bxc4 bxc4 22. c3 Rb8 23. b4 cxb3 24. axb3 Rbc8 25. c4 a5 26. Qd3 Qa6 27. f5 a4 28. bxa4 Qxa4 29. fxg6 fxg6 30. Nb3 Qxc4 31. Bf2 Qxd3 32. Rxd3 Nd7 33. Nd4 Nc5 34. Rd2 Bxd4 35. Rxd4 Kf7 36. Bh4 e6 37. dxe6+ Rxe6 38. Rf4+ Kg8 39. Ra1 Rc7 40. Ra8+ Kg7 41. Rff8 Kh6 42. Rfd8 Rd7 43. Rdc8 Ne4 44. Ra6 Re5 45. Rc4 g5 46. Be1 Nc5 47. Ra1 Ne6 48. Bd2 Rd5 49. Be3 Kg7 50. h4 h6 51. hxg5 hxg5 52. Re4 Kf6 53. Rf1+ Rf5 54. Re1 d5 55. Bd4+ Nxd4 56. Rxd4 Rf4 57. Rd3 d4 58. Kh2 Rc7 59. Kg3 Rc3 60. Rxc3 dxc3 0-1

[Event "Winnipeg TNT April op"]
[Site "Winnipeg CAN"]
[Date "2005.04.19"]
[Round "3"]
[White "Babb, Jeff"]
[Black "Melamedoff, Gustavo"]
[Result "1/2-1/2"]
[WhiteElo "2147"]
[BlackElo "2032"]
[PlyCount "68"]
[GameId "2160767910968822"]
[EventDate "2005.04.05"]
[EventType "swiss"]
[EventRounds "4"]
[EventCountry "CAN"]
[SourceTitle "EXT 2006"]
[Source "ChessBase"]
[SourceDate "2005.11.24"]
[SourceVersion "1"]
[SourceVersionDate "2005.11.24"]
[SourceQuality "1"]

1. g3 d5 2. Bg2 e6 3. d3 c5 4. f4 Nc6 5. Nf3 Nf6 6. O-O Be7 7. c3 O-O 8. Kh1 Qc7 9. Qc2 b6 10. e4 dxe4 11. dxe4 Ba6 12. Re1 Rad8 13. Bf1 Bxf1 14. Rxf1 Qb7 15. Be3 Qa6 16. Nbd2 Qd3 17. Qxd3 Rxd3 18. Rae1 Rfd8 19. h3 a5 20. Re2 b5 21. Kg2 a4 22. Rc1 Na5 23. Bf2 h5 24. e5 Nd5 25. Ne4 Nc4 26. Bxc5 Bxc5 27. Nxc5 Nde3+ 28. Kh2 Rd1 29. Rxd1 Nxd1 30. b3 axb3 31. axb3 Nce3 32. Nd4 Nf1+ 33. Kg2 Nxc3 34. Nc6 Rd2 1/2-1/2

[Event "Winnipeg TNT April op"]
[Site "Winnipeg CAN"]
[Date "2005.04.19"]
[Round "3"]
[White "Cheyne, Andrew"]
[Black "Gibson, Fred"]
[Result "0-1"]
[WhiteElo "1340"]
[BlackElo "1207"]
[PlyCount "40"]
[GameId "2160767910968823"]
[EventDate "2005.04.05"]
[EventType "swiss"]
[EventRounds "4"]
[EventCountry "CAN"]
[SourceTitle "EXT 2006"]
[Source "ChessBase"]
[SourceDate "2005.11.24"]
[SourceVersion "1"]
[SourceVersionDate "2005.11.24"]
[SourceQuality "1"]

1. e4 c5 2. Nf3 d6 3. d4 cxd4 4. Nxd4 Nf6 5. Nc3 g6 6. Be3 Bg7 7. Bc4 O-O 8. Qd2 Re8 9. O-O-O Nxe4 10. Nxe4 d5 11. Bb5 Bd7 12. Bxd7 Nxd7 13. Nc3 Nc5 14. Bh6 Bh8 15. h4 b5 16. h5 b4 17. Nb1 Na4 18. b3 Qa5 19. Nc6 Nc3 20. Nxa5 Nxa2# 0-1

[Event "Winnipeg TNT April op"]
[Site "Winnipeg CAN"]
[Date "2005.04.19"]
[Round "3"]
[White "Degroot, Stephen"]
[Black "Rumpel, Chris"]
[Result "1/2-1/2"]
[WhiteElo "1638"]
[BlackElo "1466"]
[PlyCount "66"]
[GameId "2160767910968824"]
[EventDate "2005.04.05"]
[EventType "swiss"]
[EventRounds "4"]
[EventCountry "CAN"]
[SourceTitle "EXT 2006"]
[Source "ChessBase"]
[SourceDate "2005.11.24"]
[SourceVersion "1"]
[SourceVersionDate "2005.11.24"]
[SourceQuality "1"]

1. e4 e6 2. d4 d5 3. Nd2 c5 4. exd5 Qxd5 5. Ngf3 Nc6 6. Bc4 Qd8 7. Nb3 cxd4 8. Nbxd4 Nxd4 9. Nxd4 Bc5 10. c3 Nf6 11. O-O O-O 12. Bg5 a6 13. Re1 b5 14. Qf3 Qb6 15. Bb3 Bb7 16. Qd3 Nd5 17. Bc2 g6 18. h4 Nb4 19. cxb4 Bxd4 20. Be3 Qc6 21. f3 Bxb2 22. Rab1 Bc3 23. Rec1 Rad8 24. Qe2 Qc4 25. Qxc4 bxc4 26. Bxg6 hxg6 27. Rxc3 Bd5 28. Kf2 Rb8 29. a4 Rfd8 30. b5 axb5 31. axb5 Rd7 32. Ra3 Ra8 33. Rxa8+ Bxa8 1/2-1/2

[Event "Winnipeg TNT April op"]
[Site "Winnipeg CAN"]
[Date "2005.04.19"]
[Round "3"]
[White "Gibbons, Lorne"]
[Black "Anderson, George"]
[Result "0-1"]
[WhiteElo "1323"]
[BlackElo "1431"]
[PlyCount "42"]
[GameId "2160767910968825"]
[EventDate "2005.04.05"]
[EventType "swiss"]
[EventRounds "4"]
[EventCountry "CAN"]
[SourceTitle "EXT 2006"]
[Source "ChessBase"]
[SourceDate "2005.11.24"]
[SourceVersion "1"]
[SourceVersionDate "2005.11.24"]
[SourceQuality "1"]

1. d4 e6 2. c4 Nc6 3. Nf3 Qf6 4. Bg5 Qg6 5. e3 Bb4+ 6. Nbd2 Nge7 7. a3 Bxd2+ 8. Qxd2 O-O 9. Bd3 f5 10. Bxe7 Nxe7 11. g3 d6 12. O-O-O Qe8 13. h3 Qc6 14. Qe2 d5 15. c5 Ng6 16. Nd2 a6 17. Qh5 b6 18. g4 bxc5 19. dxc5 Qxc5+ 20. Kb1 Rb8 21. Bc2 Qb6 0-1

[Event "Winnipeg TNT April op"]
[Site "Winnipeg CAN"]
[Date "2005.04.19"]
[Round "3"]
[White "Khedkar, Jay S"]
[Black "Lauritson, Jim"]
[Result "0-1"]
[WhiteElo "1970"]
[BlackElo "1922"]
[PlyCount "54"]
[GameId "2160767910968826"]
[EventDate "2005.04.05"]
[EventType "swiss"]
[EventRounds "4"]
[EventCountry "CAN"]
[SourceTitle "EXT 2006"]
[Source "ChessBase"]
[SourceDate "2005.11.24"]
[SourceVersion "1"]
[SourceVersionDate "2005.11.24"]
[SourceQuality "1"]

1. e4 c5 2. Nf3 e6 3. d4 cxd4 4. Nxd4 Nf6 5. Bd3 Nc6 6. Nxc6 dxc6 7. Be3 e5 8. f3 Qa5+ 9. Nd2 Bc5 10. Qe2 Be6 11. O-O Qb6 12. Bxc5 Qxc5+ 13. Qf2 Qxf2+ 14. Kxf2 Ke7 15. Rfd1 b5 16. Nb3 Bxb3 17. axb3 a5 18. Bf1 Rhd8 19. Ke3 Rxd1 20. Rxd1 Nd7 21. g3 Nb6 22. f4 f6 23. Bh3 a4 24. Ra1 axb3 25. Rxa8 Nxa8 26. c3 Nb6 27. Kd2 c5 0-1

[Event "Winnipeg TNT April op"]
[Site "Winnipeg CAN"]
[Date "2005.04.19"]
[Round "3"]
[White "Kwiatek, Jordan"]
[Black "Reimer, Bruce"]
[Result "1-0"]
[WhiteElo "1740"]
[BlackElo "1449"]
[PlyCount "65"]
[GameId "2160767910968827"]
[EventDate "2005.04.05"]
[EventType "swiss"]
[EventRounds "4"]
[EventCountry "CAN"]
[SourceTitle "EXT 2006"]
[Source "ChessBase"]
[SourceDate "2005.11.24"]
[SourceVersion "1"]
[SourceVersionDate "2005.11.24"]
[SourceQuality "1"]

1. d4 Nf6 2. Bg5 e6 3. e4 h6 4. Bxf6 Qxf6 5. c3 Qg6 6. Nd2 Be7 7. Ngf3 d6 8. Qc2 O-O 9. Bd3 Qxg2 10. Rg1 Qh3 11. Rg3 Qh5 12. O-O-O e5 13. Rdg1 Bf6 14. dxe5 dxe5 15. Nc4 Nc6 16. Be2 Be6 17. Nfxe5 Qxh2 18. f4 Bxc4 19. Nxc4 g6 20. e5 Bg7 21. Ne3 Ne7 22. f5 Bxe5 23. Ng4 Bf4+ 24. Kb1 Qxg3 25. Rxg3 Bxg3 26. fxg6 fxg6 27. Bc4+ Kg7 28. a3 h5 29. Qe4 Rae8 30. Qd4+ Kh7 31. Nf6+ Rxf6 32. Qxf6 Bd6 33. Qf7+ 1-0